Tame Impala - Ethereal Connection (Lyrics) - Statistics

General Stats
  • This quiz has been taken 8 times
  • The average score is 51 of 87
Answer Stats
Answer % Correct
I
100%
I
100%
I
100%
I
100%
I
100%
I
100%
I
100%
Don't
86%
don't
86%
don't
86%
Don't
86%
say
86%
say
86%
say
86%
say
86%
say
86%
a
71%
a
71%
a
71%
goodbye
71%
goodbye
71%
goodbye
71%
goodbye
71%
it
71%
ride
71%
ride
71%
ride
71%
ride
71%
take
71%
take
71%
take
71%
too
71%
you
71%
you
71%
you
71%
believe
57%
believe
57%
in
57%
in
57%
isn't
57%
know
57%
magic
57%
magic
57%
that
57%
that
57%
that
57%
that
57%
that
57%
the
57%
the
57%
the
57%
usually
57%
all
43%
all
43%
and
43%
and
43%
by?
43%
by
43%
end
43%
happens
43%
have
43%
I'm
43%
my
43%
never
43%
never
43%
of
43%
often
43%
side
43%
something
43%
something
43%
style
43%
time
43%
until
43%
can
29%
could
29%
describe
29%
describe
29%
harder
29%
harder
29%
here
29%
I'll
29%
try
29%
try
29%
whatever
29%
your
29%
are
14%
stand
14%
No matching quizzes found
Score Distribution
Percent of People with Each Score
Percentile by Number Answered
Your Score History
You have not taken this quiz